Statistics for Famous Canadians #1

Click here to take the quiz!

General Stats

  • This quiz has been taken 37 times
  • The average score is 8 of 14

Answer Stats

Answer% Correct
Jim Carrey
86%
Mike Myers
86%
Ryan Gosling
81%
Ryan Reynolds
81%
Seth Rogen
72%
Avril Lavigne
67%
Neil Young
67%
Alanis Morissette
64%
Howie Mandel
56%
Christopher Plummer
39%
Geddy Lee
36%
Gordon Lightfoot
36%
Deryck Whibley
11%
Feist
6%

Score Distribution

Percentile by Number Answered

Percent of People with Each Score

Your Score History

You have not taken this quiz